000 00647nam a2200217 a 4500
001 000030303
003 DO-SdBNP
005 20240927073748.0
008 100916s19uu dr ac 000 | spa d
040 _aDO-SdBNP
_bspa
_cBNPHU
049 _aBNPD
082 _axxxx
_bB171p
100 1 _a Balaguer, Joaquín,
_d1906-2002
_976556
245 1 4 _aLos próceres escritores /
_cJoaquín Balaguer.
260 _aSanto Domingo :
_bEdiciones Alpa,
_c[19--?].
300 _a18 p. :
_bil., rets. ;
_c26 cm.
490 1 _aCultura popular
_v1
500 _aIncluye notas al pie de las páginas.
830 0 _aCultura popular;
_v1
_935196
942 _2ddc
_cLBS1
999 _c29795
_d29795